000 00546ntaaa2200193 4500
003 01
005 20251027201934.0
008 0714s1973 ag 01
040 _aAR-BaBN
_bspa
_cAR-BaBN
_eaacr
_dRIC
082 _a245.0000 Em8
100 _aEmurian, Ernest K.
245 _aDramatized stories of hymns and hymn writers
250 _a1 ed. :
_bW. A. Wilde Company,
_cc1941
300 _a304 p.
500 _a"Non-royalty plays dramatizing the true stories back of favorite hymns"
650 _aDramatización
650 _aHimnos
942 _cBK
999 _c14119
_d14119